|
|
|
|
| LEADER |
00940cam a2200349 i 4500 |
| 001 |
000047122 |
| 003 |
6659 |
| 005 |
20030314130959.0 |
| 008 |
010227|1997 vm 000 eng |
| 020 |
|
|
|a 0135225833 (hbk.)
|
| 040 |
|
|
|a IRC
|c IRC
|d IRC
|
| 041 |
0 |
|
|a eng
|
| 082 |
1 |
4 |
|a 621.382
|b CO-L
|
| 100 |
1 |
|
|a Couch, Leon W.
|
| 245 |
0 |
0 |
|a Digital and analog communication systems /
|c Leon W. Couch.
|
| 250 |
|
|
|a 5th ed.
|
| 260 |
|
|
|a Upper Saddle River, NJ :
|b Prentice Hall International,
|c 1997.
|
| 300 |
|
|
|a xxv, 742p. :
|b ill.
|
| 630 |
0 |
4 |
|a Telecommunication systems.
|
| 630 |
0 |
4 |
|a Digital communications.
|
| 650 |
0 |
4 |
|a Telecommunication systems.
|
| 650 |
0 |
4 |
|a Digital communications.
|
| OWN |
|
|
|a DUT
|
| 999 |
|
|
|a From the UDN01
|
| TYP |
|
|
|a Monograph
|
| TYP |
|
|
|a Printed language
|
| 980 |
|
|
|a Mạng thư viện Đại học Đà Nẵng
|